Bytový dom

Guardado en:
Detalles Bibliográficos
Autor principal: Čurpek, Jakub, 1990- (Autor)
Otros Autores: Tomašovič, Peter, 1947- (Orientador)
Formato: Manuscrito Libro
Lenguaje:eslovaco
Publicado: Bratislava : STU v Bratislave SvF, 2013
Acceso en línea:VAIS
https://opac.crzp.sk/?fn=detailBiblioForm&sid=9359D1AC2B33EC8F6783F9DC0F9A
Etiquetas: Agregar Etiqueta
Sin Etiquetas, Sea el primero en etiquetar este registro!

MARC

LEADER 00000ntm a22000003a 4500
001 stu271974
005 20231012095243.1
008 130720s2013----xo------------------slo-d
040 |a STU  |b slo 
041 0 |a slo 
044 |a xo 
100 1 |a Čurpek, Jakub,  |d 1990-  |4 aut  |u V  |T SvF Stavebná fakulta  |X 66864  |U V  |Y 10  |7 A000066864 
242 0 0 |a Apartment house  |y eng 
245 1 |a Bytový dom 
260 |a Bratislava :  |b STU v Bratislave SvF,  |c 2013 
700 1 |a Tomašovič, Peter,  |d 1947-  |4 ths  |u V180  |U SvF Stavebná fakulta  |T SvF Katedra konštrukcií pozemných stavieb  |X 657  |U V180  |Y 18  |7 A000000657 
856 4 |a info a plný text  |u http://is.stuba.sk/zp/portal_zp.pl?podrobnosti=67267  |3 VAIS 
856 4 |a CRZP  |u https://opac.crzp.sk/?fn=detailBiblioForm&sid=9359D1AC2B33EC8F6783F9DC0F9A